| 000 | 00510nam a2200217Ia 4500 | ||
|---|---|---|---|
| 003 | 0100 | ||
| 008 | 130227s9999 xx 000 0 und d | ||
| 040 | _cARRUPELIB | ||
| 050 | _aJC571.F675 2002 | ||
| 100 | _aFreeman, Michael | ||
| 245 | _aHuman rights | ||
| 245 | _ban interdisciplinary approach | ||
| 260 | _aCambridge CB2 1UR, UK | ||
| 260 | _bPolity Press | ||
| 260 | _C2002 | ||
| 300 | _aix | ||
| 300 | _b 201p. 23cm. | ||
| 650 | _bPlay | ||
| 650 | _cPsychology, Religious | ||
| 942 |
_2lcc _01 |
||
| 999 |
_c2579 _d2579 |
||